00492nam a2200193Ia 450000500170000000800410001702000150005804000180007304100080009108200210009910000160012024500340013625000120017026000490018230000260023165000140025765000110027165000160028220220901152143.0210716s2005 xx 000 0 und d a8183181902 cAIMIT LIBRARY aeng a574.87 21bPOWC aPower, C B. aCell biology /cBy C B Power. a1st ed. aMumbai :bHimalaya Publishing House ,c2005. axv, 782p. ;c21.5 cm. aProteins  aLipids aThe nucleus